[Event "C14"]
[Site "?"]
[Date "2016.08.06"]
[Round "7.2"]
[White "Kosakowski, Jakub"]
[Black "Kozak, Antoni"]
[Result "0-1"]
[LiveChessVersion "1.4.8"]
[BlackElo "1772"]
[WhiteElo "2191"]

1. e4 {[%clk 0:03:03]} c6 {[%clk 0:03:04]} 2. d4 {[%clk 0:02:56]} d5
{[%clk 0:03:05]} 3. Nc3 {[%clk 0:02:57]} dxe4 4. Nxe4 {[%clk 0:02:58]} Bf5
{[%clk 0:03:07]} 5. Ng3 {[%clk 0:03:00]} Bg6 {[%clk 0:03:09]} 6. h4
{[%clk 0:03:01]} h6 7. Nf3 Nd7 {[%clk 0:03:06]} 8. h5 {[%clk 0:03:02]} Bh7
{[%clk 0:03:08]} 9. Bd3 {[%clk 0:03:03]} Bxd3 {[%clk 0:03:09]} 10. Qxd3
{[%clk 0:03:04]} e6 {[%clk 0:03:09]} 11. Bd2 {[%clk 0:03:05]} Ngf6
{[%clk 0:03:09]} 12. O-O-O {[%clk 0:03:05]} Qc7 {[%clk 0:03:10]} 13. Ne4
{[%clk 0:03:05]} Nxe4 {[%clk 0:03:08]} 14. Qxe4 {[%clk 0:03:05]} Bd6
{[%clk 0:03:08]} 15. Kb1 {[%clk 0:03:03]} O-O-O {[%clk 0:03:09]} 16. c4
{[%clk 0:02:55]} c5 {[%clk 0:03:08]} 17. Qe2 {[%clk 0:02:51]} cxd4
{[%clk 0:02:51]} 18. Nxd4 {[%clk 0:02:51]} a6 {[%clk 0:02:53]} 19. Rc1
{[%clk 0:02:14]} Nc5 {[%clk 0:02:06]} 20. Bc3 {[%clk 0:01:57]} Bf4
{[%clk 0:01:43]} 21. Rc2 {[%clk 0:01:42]} Na4 {[%clk 0:01:19]} 22. Nf3
{[%clk 0:01:36]} Nxc3+ {[%clk 0:01:19]} 23. Rxc3 {[%clk 0:01:37]} Qc5
{[%clk 0:00:54]} 24. Ne1 {[%clk 0:01:06]} Rd2 {[%clk 0:00:43]} 25. Qe4
{[%clk 0:01:03]} Rd1+ {[%clk 0:00:31]} 26. Kc2 {[%clk 0:01:01]} Rc1+
{[%clk 0:00:32]} 27. Kb3 {[%clk 0:00:54]} Qb6+ {[%clk 0:00:24]} 28. Ka4
{[%clk 0:00:48]} Qxb2 {[%clk 0:00:15]} 29. Rxc1 {[%clk 0:00:45]} Bxc1
{[%clk 0:00:16]} 30. Qc2 {[%clk 0:00:35]} Qa3# 0-1

[Event "C14"]
[Site "?"]
[Date "2016.08.06"]
[Round "7.3"]
[White "Pytel, Maciej"]
[Black "Mis, Mieszko"]
[Result "0-1"]
[LiveChessVersion "1.4.8"]
[BlackElo "1863"]
[WhiteElo "1783"]

1. e4 {[%clk 0:03:03]} d5 {[%clk 0:03:04]} 2. exd5 {[%clk 0:03:03]} Qxd5
{[%clk 0:03:04]} 3. Nc3 {[%clk 0:03:04]} Qa5 {[%clk 0:03:05]} 4. d4
{[%clk 0:03:03]} Nf6 {[%clk 0:03:06]} 5. Nf3 {[%clk 0:03:00]} Bf5
{[%clk 0:03:07]} 6. Bd3 {[%clk 0:02:57]} Bxd3 {[%clk 0:03:08]} 7. Qxd3
{[%clk 0:02:57]} e6 {[%clk 0:03:05]} 8. Bf4 {[%clk 0:02:51]} c6 {[%clk 0:02:53]}
9. O-O {[%clk 0:02:48]} Be7 {[%clk 0:02:52]} 10. a3 {[%clk 0:02:45]} O-O
{[%clk 0:02:48]} 11. Ne4 {[%clk 0:02:46]} Nbd7 {[%clk 0:02:42]} 12. Ne5
{[%clk 0:02:42]} Rad8 {[%clk 0:01:50]} 13. Rad1 {[%clk 0:02:29]} Nxe4
{[%clk 0:01:30]} 14. Qxe4 {[%clk 0:02:28]} Qd5 {[%clk 0:01:29]} 15. Qe2
{[%clk 0:02:17]} Nf6 {[%clk 0:01:19]} 16. c4 {[%clk 0:02:16]} Qe4
{[%clk 0:01:21]} 17. Qxe4 {[%clk 0:02:10]} Nxe4 {[%clk 0:01:21]} 18. f3
{[%clk 0:02:10]} Nd6 {[%clk 0:01:19]} 19. Be3 {[%clk 0:01:10]} f6
{[%clk 0:01:10]} 20. Nd3 {[%clk 0:00:50]} Nxc4 {[%clk 0:01:11]} 21. Bf2
{[%clk 0:00:49]} Rd7 {[%clk 0:01:02]} 22. Rfe1 {[%clk 0:00:47]} Kf7
{[%clk 0:01:00]} 23. a4 {[%clk 0:00:45]} Rfd8 {[%clk 0:00:54]} 24. b3
{[%clk 0:00:45]} Na5 {[%clk 0:00:37]} 25. Rb1 {[%clk 0:00:38]} e5
{[%clk 0:00:31]} 26. Nc5 {[%clk 0:00:29]} Bxc5 {[%clk 0:00:32]} 27. dxc5
{[%clk 0:00:30]} Rd2 {[%clk 0:00:27]} 28. Rec1 {[%clk 0:00:24]} R8d3
{[%clk 0:00:21]} 29. Be1 {[%clk 0:00:18]} Nxb3 {[%clk 0:00:07]} 30. Bxd2
{[%clk 0:00:19]} Nxd2 {[%clk 0:00:07]} 31. Rxb7+ {[%clk 0:00:18]} Ke6
{[%clk 0:00:08]} 32. Rxg7 {[%clk 0:00:15]} Nb3 {[%clk 0:00:10]} 33. Rc2
{[%clk 0:00:13]} Nd4 {[%clk 0:00:11]} 34. Rc1 {[%clk 0:00:09]} Ne2+
{[%clk 0:00:12]} 35. Kf2 {[%clk 0:00:09]} Nxc1 {[%clk 0:00:13]} 36. Rxh7
{[%clk 0:00:10]} Rc3 {[%clk 0:00:13]} 37. Rxa7 {[%clk 0:00:11]} Rxc5
{[%clk 0:00:14]} 38. h4 {[%clk 0:00:12]} 0-1

[Event "C14"]
[Site "?"]
[Date "2016.08.06"]
[Round "7.4"]
[White "Ochowicz, Jakub"]
[Black "Lis, Mateusz"]
[Result "1/2-1/2"]
[LiveChessVersion "1.4.8"]
[BlackElo "1977"]
[WhiteElo "1786"]

1. e4 {[%clk 0:03:03]} c5 {[%clk 0:02:59]} 2. Nf3 {[%clk 0:03:04]} d6
{[%clk 0:02:58]} 3. d3 {[%clk 0:03:04]} Nc6 {[%clk 0:02:58]} 4. Nbd2
{[%clk 0:03:05]} Nf6 {[%clk 0:02:58]} 5. g3 {[%clk 0:03:06]} g6 {[%clk 0:02:58]}
6. Bg2 {[%clk 0:03:06]} Bg7 {[%clk 0:02:59]} 7. O-O {[%clk 0:03:06]} O-O
{[%clk 0:02:59]} 8. h3 {[%clk 0:02:55]} Bd7 {[%clk 0:02:40]} 9. Qe2
{[%clk 0:02:38]} Qc7 {[%clk 0:02:37]} 10. c3 {[%clk 0:02:32]} e5 {[%clk 0:02:36]}
11. Ne1 {[%clk 0:02:08]} Nh5 {[%clk 0:02:19]} 12. Kh2 {[%clk 0:01:30]} Bh6
{[%clk 0:02:02]} 13. Nc4 {[%clk 0:00:52]} Bxc1 {[%clk 0:01:57]} 14. Rxc1
{[%clk 0:00:54]} Be6 {[%clk 0:01:54]} 15. b3 {[%clk 0:00:52]} Ng7
{[%clk 0:01:53]} 16. Nc2 {[%clk 0:00:49]} Bxc4 {[%clk 0:01:54]} 17. bxc4
{[%clk 0:00:48]} Ne7 {[%clk 0:01:47]} 18. Ne3 {[%clk 0:00:35]} b6
{[%clk 0:01:35]} 19. f4 {[%clk 0:00:35]} f6 {[%clk 0:01:35]} 20. fxe5
{[%clk 0:00:28]} fxe5 {[%clk 0:01:36]} 21. Rxf8+ {[%clk 0:00:28]} Rxf8
{[%clk 0:01:37]} 22. Rf1 {[%clk 0:00:28]} Qd8 {[%clk 0:01:30]} 23. Rxf8+
{[%clk 0:00:25]} Qxf8 {[%clk 0:01:32]} 24. Qf1 {[%clk 0:00:17]} Qxf1
{[%clk 0:01:32]} 25. Bxf1 {[%clk 0:00:17]} 1/2-1/2

[Event "C14"]
[Site "?"]
[Date "2016.08.06"]
[Round "7.5"]
[White "Kokoszczynski, Jan"]
[Black "Poziomkowski, Szymon"]
[Result "0-1"]
[LiveChessVersion "1.4.8"]
[BlackElo "1636"]
[WhiteElo "1837"]

1. d4 Nf6 2. c4 e6 3. Nc3 Bb4 4. e3 b6 5. Bd3 Bb7 6. Nge2 O-O 7. a3 Be7 8. e4 d6
9. f3 e5 10. Be3 Nbd7 11. Qd2 exd4 12. Nxd4 Nc5 13. O-O Nxd3 14. Qxd3 Nd7 15. Qc2
Bg5 16. Qd2 Bxe3+ 17. Qxe3 Ne5 18. b3 Qe7 19. Rae1 Rae8 20. f4 Nd7 21. Qd2 Qf6
22. b4 a5 23. Nd5 Bxd5 24. exd5 axb4 25. axb4 Re7 26. Rxe7 Qxe7 27. Re1 Qf6 28.
g3 Qg6 29. Nc6 Kh8 30. Qe3 Nf6 31. Qe7 Rc8 32. Qe2 h6 33. Ne7 Qg4 34. Qxg4 Nxg4
35. Nxc8 0-1

[Event "C14"]
[Site "?"]
[Date "2016.08.06"]
[Round "8.1"]
[White "Teclaf, Pawel"]
[Black "Szpar, Milosz"]
[Result "0-1"]
[LiveChessVersion "1.4.8"]
[BlackElo "2000"]
[WhiteElo "2233"]

1. e4 {[%clk 0:03:03]} c5 {[%clk 0:03:03]} 2. Nf3 Nc6 3. d4 {[%clk 0:03:06]} cxd4
{[%clk 0:03:06]} 4. Nxd4 {[%clk 0:03:07]} g6 {[%clk 0:03:07]} 5. Be2
{[%clk 0:03:08]} Bg7 {[%clk 0:03:08]} 6. Nb3 {[%clk 0:03:09]} Nf6
{[%clk 0:03:09]} 7. Nc3 {[%clk 0:03:10]} O-O {[%clk 0:03:09]} 8. O-O
{[%clk 0:03:10]} d6 {[%clk 0:03:07]} 9. Bg5 {[%clk 0:03:11]} Be6 {[%clk 0:03:00]}
10. Re1 {[%clk 0:03:12]} Rc8 {[%clk 0:02:52]} 11. Bf1 {[%clk 0:03:13]} Ne5
{[%clk 0:02:46]} 12. Nd4 {[%clk 0:03:11]} Bc4 {[%clk 0:02:47]} 13. Bxf6
{[%clk 0:03:02]} Bxf6 {[%clk 0:02:32]} 14. Nd5 {[%clk 0:03:03]} Bg7
{[%clk 0:02:28]} 15. Rc1 {[%clk 0:02:35]} Bxf1 {[%clk 0:02:15]} 16. Rxf1
{[%clk 0:02:36]} e6 {[%clk 0:01:58]} 17. Ne3 {[%clk 0:02:33]} Qb6
{[%clk 0:01:59]} 18. Nb3 {[%clk 0:02:19]} Nc4 {[%clk 0:01:58]} 19. Nxc4
{[%clk 0:02:20]} Rxc4 {[%clk 0:01:59]} 20. Qd3 {[%clk 0:02:21]} Rfc8
{[%clk 0:01:48]} 21. c3 {[%clk 0:02:22]} Qa6 {[%clk 0:01:45]} 22. a3 Qb5
{[%clk 0:01:44]} 23. Nd2 {[%clk 0:02:10]} R4c5 {[%clk 0:01:37]} 24. Qc2
{[%clk 0:01:57]} R5c7 {[%clk 0:01:25]} 25. Kh1 {[%clk 0:01:57]} d5
{[%clk 0:01:20]} 26. exd5 {[%clk 0:01:45]} Qxd5 {[%clk 0:01:22]} 27. Rcd1
{[%clk 0:01:45]} Qb5 {[%clk 0:01:22]} 28. f4 {[%clk 0:01:42]} Rd7
{[%clk 0:01:18]} 29. Nf3 {[%clk 0:01:36]} Rcd8 {[%clk 0:01:17]} 30. b4
{[%clk 0:00:57]} Rxd1 {[%clk 0:01:10]} 31. Rxd1 {[%clk 0:00:58]} Rxd1+
{[%clk 0:01:11]} 32. Qxd1 {[%clk 0:00:59]} Bxc3 {[%clk 0:01:10]} 33. h4
{[%clk 0:00:55]} Qc4 {[%clk 0:01:09]} 34. Qd8+ {[%clk 0:00:43]} Kg7
{[%clk 0:01:10]} 35. Qb8 {[%clk 0:00:36]} Bb2 {[%clk 0:00:53]} 36. Qxb7
{[%clk 0:00:28]} Qc1+ {[%clk 0:00:42]} 37. Kh2 {[%clk 0:00:26]} Qxf4+
{[%clk 0:00:42]} 38. g3 {[%clk 0:00:23]} Qf5 {[%clk 0:00:38]} 39. a4
{[%clk 0:00:19]} Qc2+ {[%clk 0:00:30]} 40. Kh3 {[%clk 0:00:15]} Qxa4
{[%clk 0:00:31]} 41. Ng5 {[%clk 0:00:16]} Qe8 {[%clk 0:00:32]} 42. Qxa7
{[%clk 0:00:16]} h6 {[%clk 0:00:24]} 0-1

[Event "C14"]
[Site "?"]
[Date "2016.08.06"]
[Round "8.2"]
[White "Kozak, Antoni"]
[Black "Kosakowski, Jakub"]
[Result "1-0"]
[LiveChessVersion "1.4.8"]
[BlackElo "2191"]
[WhiteElo "1772"]

1. e4 {[%clk 0:03:03]} c5 {[%clk 0:03:03]} 2. Nf3 {[%clk 0:03:04]} d6
{[%clk 0:03:05]} 3. Bb5+ {[%clk 0:03:05]} Nd7 {[%clk 0:03:05]} 4. d4
{[%clk 0:03:06]} cxd4 {[%clk 0:03:05]} 5. Qxd4 {[%clk 0:03:06]} a6
{[%clk 0:03:04]} 6. Bxd7+ {[%clk 0:03:06]} Bxd7 {[%clk 0:03:05]} 7. O-O
{[%clk 0:03:06]} e5 {[%clk 0:03:05]} 8. Qd3 {[%clk 0:03:07]} Rc8 {[%clk 0:03:06]}
9. Nc3 {[%clk 0:03:05]} h6 {[%clk 0:03:00]} 10. Rd1 {[%clk 0:03:06]} Nf6
{[%clk 0:03:00]} 11. Nd2 {[%clk 0:03:07]} Qc7 {[%clk 0:02:53]} 12. a4
{[%clk 0:03:08]} Be7 {[%clk 0:02:53]} 13. Nf1 {[%clk 0:03:09]} O-O
{[%clk 0:02:36]} 14. Ne3 {[%clk 0:03:10]} Be6 {[%clk 0:02:37]} 15. Bd2
{[%clk 0:03:11]} Rfd8 {[%clk 0:02:36]} 16. Be1 {[%clk 0:03:11]} Bf8
{[%clk 0:02:28]} 17. Rac1 {[%clk 0:03:10]} Nd7 {[%clk 0:02:13]} 18. b4
{[%clk 0:02:30]} Nb6 {[%clk 0:02:05]} 19. Ncd5 {[%clk 0:02:25]} Nxd5
{[%clk 0:02:03]} 20. Nxd5 {[%clk 0:02:26]} Bxd5 {[%clk 0:01:42]} 21. Qxd5
{[%clk 0:02:26]} Qd7 {[%clk 0:01:27]} 22. a5 {[%clk 0:02:11]} Qa4
{[%clk 0:01:14]} 23. c3 {[%clk 0:01:59]} Rc6 {[%clk 0:01:13]} 24. Ra1
{[%clk 0:01:47]} Qc2 {[%clk 0:01:13]} 25. Ra2 {[%clk 0:01:38]} 1-0

[Event "C14"]
[Site "?"]
[Date "2016.08.06"]
[Round "8.3"]
[White "Mis, Mieszko"]
[Black "Pytel, Maciej"]
[Result "1-0"]
[LiveChessVersion "1.4.8"]
[BlackElo "1783"]
[WhiteElo "1863"]

1. d4 {[%clk 0:03:02]} b5 {[%clk 0:03:01]} 2. e4 {[%clk 0:03:02]} Bb7
{[%clk 0:03:02]} 3. Bd3 {[%clk 0:03:03]} a6 {[%clk 0:03:01]} 4. Be3
{[%clk 0:02:59]} e6 {[%clk 0:03:01]} 5. Nd2 {[%clk 0:03:00]} Nf6 {[%clk 0:03:01]}
6. Ngf3 {[%clk 0:02:59]} Nc6 {[%clk 0:02:56]} 7. O-O {[%clk 0:02:58]} Be7
{[%clk 0:02:57]} 8. Qe2 {[%clk 0:02:55]} Ng4 {[%clk 0:02:57]} 9. Bf4
{[%clk 0:02:48]} d6 {[%clk 0:02:53]} 10. a4 {[%clk 0:02:42]} b4 {[%clk 0:02:50]}
11. a5 {[%clk 0:02:44]} O-O {[%clk 0:02:43]} 12. Rfe1 {[%clk 0:02:41]} e5
{[%clk 0:02:41]} 13. dxe5 {[%clk 0:02:39]} Ngxe5 {[%clk 0:02:41]} 14. Nxe5
{[%clk 0:02:38]} dxe5 {[%clk 0:02:40]} 15. Bg3 {[%clk 0:02:29]} Nd4
{[%clk 0:02:38]} 16. Qd1 {[%clk 0:02:20]} Bf6 {[%clk 0:02:17]} 17. Nc4
{[%clk 0:02:19]} Re8 {[%clk 0:02:17]} 18. Qd2 {[%clk 0:02:17]} b3
{[%clk 0:02:16]} 19. c3 {[%clk 0:01:48]} Nb5 {[%clk 0:02:01]} 20. Rad1
{[%clk 0:01:43]} c5 {[%clk 0:01:52]} 21. Qe2 {[%clk 0:01:43]} Qc7
{[%clk 0:01:45]} 22. Nb6 {[%clk 0:01:40]} Rad8 {[%clk 0:01:40]} 23. Bc4
{[%clk 0:01:34]} Nd6 {[%clk 0:01:34]} 24. Bd5 {[%clk 0:01:31]} Kh8
{[%clk 0:00:46]} 25. Bxb7 {[%clk 0:01:14]} Qxb7 26. Nd5 Bg5 {[%clk 0:00:41]} 27.
Qg4 {[%clk 0:01:09]} Bh6 {[%clk 0:00:41]} 28. Bh4 {[%clk 0:01:04]} f6
{[%clk 0:00:29]} 29. f3 {[%clk 0:00:34]} Nc4 {[%clk 0:00:25]} 30. Qh5
{[%clk 0:00:21]} Nxb2 {[%clk 0:00:12]} 1-0

[Event "C14"]
[Site "?"]
[Date "2016.08.06"]
[Round "8.4"]
[White "Lis, Mateusz"]
[Black "Ochowicz, Jakub"]
[Result "1/2-1/2"]
[LiveChessVersion "1.4.8"]
[BlackElo "1786"]
[WhiteElo "1977"]

1. e4 {[%clk 0:03:02]} c5 {[%clk 0:03:01]} 2. Nf3 {[%clk 0:03:02]} d6
{[%clk 0:03:01]} 3. d4 {[%clk 0:03:03]} cxd4 {[%clk 0:03:02]} 4. Nxd4
{[%clk 0:03:05]} Nf6 {[%clk 0:02:54]} 5. Nc3 {[%clk 0:03:06]} Nc6
{[%clk 0:02:31]} 6. Bg5 {[%clk 0:03:06]} e6 {[%clk 0:02:22]} 7. Qd2
{[%clk 0:03:05]} Be7 {[%clk 0:02:21]} 8. O-O-O {[%clk 0:03:05]} Nxd4
{[%clk 0:01:46]} 9. Qxd4 {[%clk 0:03:02]} a6 {[%clk 0:01:30]} 10. Kb1
{[%clk 0:03:02]} Bd7 {[%clk 0:01:25]} 11. f3 {[%clk 0:02:41]} Rc8
{[%clk 0:01:16]} 12. Be2 {[%clk 0:01:46]} Qc7 {[%clk 0:01:10]} 13. Qd2
{[%clk 0:01:41]} b5 {[%clk 0:00:51]} 14. Bd3 {[%clk 0:01:40]} h6 {[%clk 0:00:38]}
15. Be3 {[%clk 0:01:38]} e5 {[%clk 0:00:26]} 16. Nd5 {[%clk 0:01:35]} Nxd5
{[%clk 0:00:27]} 17. exd5 {[%clk 0:01:36]} Qb7 {[%clk 0:00:21]} 18. Be2
{[%clk 0:01:29]} Bd8 {[%clk 0:00:20]} 19. f4 {[%clk 0:01:24]} Bb6
{[%clk 0:00:12]} 20. fxe5 {[%clk 0:01:05]} dxe5 {[%clk 0:00:13]} 21. Bxb6
{[%clk 0:01:03]} Qxb6 {[%clk 0:00:14]} 22. Bd3 {[%clk 0:01:01]} Qd6
{[%clk 0:00:12]} 23. Be4 {[%clk 0:00:51]} O-O {[%clk 0:00:08]} 24. Rhf1
{[%clk 0:00:48]} Rc4 {[%clk 0:00:06]} 25. Bf3 {[%clk 0:00:37]} Rd4
{[%clk 0:00:07]} 26. Qe2 {[%clk 0:00:38]} Rxd1+ {[%clk 0:00:08]} 27. Rxd1
{[%clk 0:00:39]} Rc8 {[%clk 0:00:09]} 28. Re1 {[%clk 0:00:37]} f6
{[%clk 0:00:09]} 29. Bg4 {[%clk 0:00:36]} Bxg4 {[%clk 0:00:08]} 30. Qxg4
{[%clk 0:00:37]} Rc7 {[%clk 0:00:06]} 31. Qe4 {[%clk 0:00:37]} Rd7
{[%clk 0:00:06]} 32. Rd1 {[%clk 0:00:38]} Kf7 {[%clk 0:00:06]} 1/2-1/2

[Event "C14"]
[Site "?"]
[Date "2016.08.06"]
[Round "8.5"]
[White "Poziomkowski, Szymon"]
[Black "Kokoszczynski, Jan"]
[Result "1/2-1/2"]
[LiveChessVersion "1.4.8"]
[BlackElo "1837"]
[WhiteElo "1636"]

1. e4 c6 2. d4 d5 3. Nc3 dxe4 4. Nxe4 Bf5 5. Ng3 Bg6 6. f4 e6 7. Nf3 Bd6 8. Bd3
Nf6 9. O-O Bxd3 10. Qxd3 Qc7 11. Ne5 Nbd7 12. c3 c5 13. Kh1 cxd4 14. cxd4 Nb6 15.
Bd2 O-O 16. Rac1 Qe7 17. b3 Rfd8 18. Ne4 Nxe4 19. Qxe4 Nd5 20. Qf3 f5 21. Nc4 Nf6
22. Be3 Ne4 23. Nd2 Nf6 24. Nc4 Rac8 25. Rfd1 Nd5 26. Bd2 b5 27. Nxd6 Qxd6 28.
Qd3 a6 29. g3 Nf6 30. Qf3 Ne4 31. Be3 Qd5 32. Kg2 g6 33. h3 Kf7 34. h4 h6 35. h5
Nc3 36. Qxd5 Nxd5 37. hxg6+ Kxg6 38. Bf2 Nf6 39. Be3 Ne4 40. Kf3 Nc3 41. Rd2 Nd5
42. Rdc2 Rxc2 43. Rxc2 Rd6 44. a3 Kf6 45. Rc5 Kg6 1/2-1/2

[Event "C14"]
[Site "?"]
[Date "2016.08.06"]
[Round "9.2"]
[White "Teclaf, Pawel"]
[Black "Pultorak, Jan"]
[Result "*"]
[LiveChessVersion "1.4.8"]
[BlackElo "1821"]
[WhiteElo "2233"]

1. e4 {[%clk 0:03:04]} c6 {[%clk 0:03:04]} 2. d4 {[%clk 0:03:00]} d5
{[%clk 0:03:05]} 3. exd5 {[%clk 0:03:00]} cxd5 {[%clk 0:03:06]} 4. c4
{[%clk 0:03:02]} e6 {[%clk 0:03:07]} 5. Nc3 {[%clk 0:03:03]} Nf6 {[%clk 0:03:09]}
6. Nf3 {[%clk 0:03:03]} Be7 {[%clk 0:03:10]} 7. cxd5 {[%clk 0:03:03]} Nxd5
{[%clk 0:03:05]} 8. Bd3 {[%clk 0:03:04]} O-O {[%clk 0:03:05]} 9. O-O
{[%clk 0:03:05]} Nc6 {[%clk 0:03:02]} 10. a3 {[%clk 0:03:01]} Bf6
{[%clk 0:02:53]} 11. Be4 {[%clk 0:03:01]} Re8 {[%clk 0:02:45]} 12. Re1
{[%clk 0:02:49]} Nce7 {[%clk 0:02:11]} 13. Qd3 {[%clk 0:02:34]} g6
{[%clk 0:02:08]} 14. h4 {[%clk 0:02:23]} b6 {[%clk 0:01:45]} 15. Bg5
{[%clk 0:01:55]} Bxg5 {[%clk 0:01:32]} 16. Nxg5 {[%clk 0:01:52]} Bb7
{[%clk 0:01:16]} 17. h5 {[%clk 0:01:28]} Nf5 {[%clk 0:00:26]} 18. Nf3
{[%clk 0:00:58]} Nf4 {[%clk 0:00:17]} 19. Qd2 {[%clk 0:00:49]} Bxe4 20. Nxe4
{[%clk 0:00:46]} Nxh5 {[%clk 0:00:16]} 21. g4 {[%clk 0:00:45]} Nh4
{[%clk 0:00:18]} 22. Nxh4 {[%clk 0:00:44]} Qxh4 {[%clk 0:00:19]} 23. gxh5
{[%clk 0:00:43]} Qg4+ {[%clk 0:00:07]} 24. Ng3 {[%clk 0:00:37]} Red8
{[%clk 0:00:08]} 25. hxg6 {[%clk 0:00:36]} hxg6 {[%clk 0:00:09]} 26. Rad1
{[%clk 0:00:34]} f5 {[%clk 0:00:07]} 27. Qe2 {[%clk 0:00:33]} Qxe2
{[%clk 0:00:05]} 28. Nxe2 {[%clk 0:00:33]} Rd6 {[%clk 0:00:05]} 29. Nf4
{[%clk 0:00:34]} Kf7 {[%clk 0:00:06]} 30. Nd3 {[%clk 0:00:35]} Rad8
{[%clk 0:00:06]} 31. Ne5+ {[%clk 0:00:36]} Kf6 {[%clk 0:00:08]} 32. Nf3
{[%clk 0:00:36]} g5 {[%clk 0:00:09]} 33. Rc1 {[%clk 0:00:23]} g4 {[%clk 0:00:10]}
34. Ne5 {[%clk 0:00:25]} Rxd4 {[%clk 0:00:09]} 35. Nc6 {[%clk 0:00:26]} *

[Event "C14"]
[Site "?"]
[Date "2016.08.06"]
[Round "9.3"]
[White "Psyk, Radoslaw"]
[Black "Ochowicz, Jakub"]
[Result "1-0"]
[LiveChessVersion "1.4.8"]
[BlackElo "1786"]
[WhiteElo "2089"]

1. e4 {[%clk 0:03:02]} c5 {[%clk 0:03:00]} 2. Nf3 {[%clk 0:03:01]} e6
{[%clk 0:03:02]} 3. d4 {[%clk 0:02:44]} cxd4 {[%clk 0:03:02]} 4. Nxd4
{[%clk 0:02:45]} a6 {[%clk 0:03:03]} 5. Bd3 {[%clk 0:02:46]} Qc7 {[%clk 0:03:00]}
6. O-O {[%clk 0:02:46]} Nf6 {[%clk 0:03:01]} 7. Qe2 {[%clk 0:02:45]} b5
{[%clk 0:02:55]} 8. a4 {[%clk 0:02:19]} b4 {[%clk 0:02:55]} 9. Kh1
{[%clk 0:02:06]} Bb7 {[%clk 0:02:56]} 10. f4 {[%clk 0:02:07]} h5 {[%clk 0:02:49]}
11. Nd2 {[%clk 0:01:58]} Bc5 {[%clk 0:02:45]} 12. N2b3 {[%clk 0:01:56]} Ba7
{[%clk 0:02:45]} 13. Bd2 {[%clk 0:01:42]} Bxd4 {[%clk 0:02:05]} 14. Nxd4
{[%clk 0:01:41]} Nc6 {[%clk 0:02:02]} 15. c3 {[%clk 0:00:47]} d6 {[%clk 0:01:18]}
16. Rac1 {[%clk 0:00:38]} Nxd4 {[%clk 0:01:17]} 17. cxd4 {[%clk 0:00:39]} Qa5
{[%clk 0:01:12]} 18. b3 {[%clk 0:00:38]} Qb6 {[%clk 0:01:06]} 19. e5
{[%clk 0:00:31]} Ng4 {[%clk 0:00:56]} 20. exd6 {[%clk 0:00:15]} Qxd4
{[%clk 0:00:57]} 21. Rc4 {[%clk 0:00:10]} Qxd6 {[%clk 0:00:58]} 22. Bxb4
{[%clk 0:00:11]} Qd7 {[%clk 0:00:52]} 23. Be4 {[%clk 0:00:11]} Rd8
{[%clk 0:00:41]} 24. Bxb7 {[%clk 0:00:10]} Qxb7 {[%clk 0:00:42]} 25. Rfc1
{[%clk 0:00:06]} Qb8 {[%clk 0:00:21]} 26. Qf3 {[%clk 0:00:05]} f5
{[%clk 0:00:17]} 27. Ba3 {[%clk 0:00:04]} Kf7 {[%clk 0:00:17]} 28. Rc7+
{[%clk 0:00:05]} Kg6 {[%clk 0:00:17]} 29. Bb2 {[%clk 0:00:06]} Rhg8
{[%clk 0:00:15]} 30. h3 {[%clk 0:00:06]} Nf6 {[%clk 0:00:11]} 31. Qg3+
{[%clk 0:00:07]} Kh6 {[%clk 0:00:11]} 32. Qg5+ {[%clk 0:00:08]} Kh7
{[%clk 0:00:10]} 33. Bxf6 {[%clk 0:00:08]} 1-0

[Event "C14"]
[Site "?"]
[Date "2016.08.06"]
[Round "9.4"]
[White "Polczyk, Mikolaj"]
[Black "Szczurek, Krzysztof"]
[Result "0-1"]
[LiveChessVersion "1.4.8"]
[BlackElo "1939"]
[WhiteElo "1830"]

1. e4 {[%clk 0:03:02]} c5 {[%clk 0:03:03]} 2. Nf3 {[%clk 0:03:03]} d6
{[%clk 0:03:05]} 3. d4 {[%clk 0:03:04]} cxd4 {[%clk 0:03:06]} 4. Nxd4
{[%clk 0:03:05]} Nf6 {[%clk 0:03:08]} 5. Nc3 {[%clk 0:03:06]} Nc6
{[%clk 0:03:09]} 6. Be3 {[%clk 0:03:01]} Ng4 {[%clk 0:03:10]} 7. Bg5
{[%clk 0:02:50]} h6 {[%clk 0:03:10]} 8. Bh4 {[%clk 0:02:51]} g5 {[%clk 0:03:11]}
9. Bg3 {[%clk 0:02:52]} Bg7 {[%clk 0:03:13]} 10. Nxc6 {[%clk 0:02:47]} bxc6
{[%clk 0:03:14]} 11. Be2 {[%clk 0:02:47]} Ne5 {[%clk 0:03:11]} 12. h4
{[%clk 0:02:23]} gxh4 {[%clk 0:02:52]} 13. Rxh4 {[%clk 0:02:20]} Rb8
{[%clk 0:02:50]} 14. Rb1 {[%clk 0:02:00]} Ng6 {[%clk 0:02:51]} 15. Rh1
{[%clk 0:01:58]} Rxb2 {[%clk 0:02:49]} 16. Kf1 {[%clk 0:01:22]} Bxc3
{[%clk 0:02:48]} 17. Rxb2 {[%clk 0:01:18]} Bxb2 {[%clk 0:02:49]} 18. Bh5
{[%clk 0:01:13]} Bg7 {[%clk 0:02:05]} 19. Bxg6 {[%clk 0:01:07]} fxg6
{[%clk 0:02:06]} 20. Kg1 {[%clk 0:00:39]} e5 {[%clk 0:02:05]} 21. Qd2
{[%clk 0:00:35]} O-O {[%clk 0:01:51]} 22. Qc3 {[%clk 0:00:36]} Qd7
{[%clk 0:01:40]} 23. Rh3 {[%clk 0:00:26]} Qf7 {[%clk 0:01:29]} 24. a3
{[%clk 0:00:21]} Bxh3 {[%clk 0:01:30]} 0-1

[Event "C14"]
[Site "?"]
[Date "2016.08.06"]
[Round "9.5"]
[White "Pacan-milej, Kosma"]
[Black "Mis, Mieszko"]
[Result "1-0"]
[LiveChessVersion "1.4.8"]
[BlackElo "1863"]
[WhiteElo "1703"]

1. d4 Nf6 2. Nf3 g6 3. Nbd2 Bg7 4. e4 d6 5. Bd3 Nbd7 6. O-O e5 7. c3 O-O 8. Qc2
Qe7 9. Re1 c6 10. a4 Nh5 11. g3 a5 12. Nc4 f6 13. Bd2 Qe6 14. Rad1 d5 15. Na3 Kh8
16. exd5 cxd5 17. dxe5 Nxe5 18. Nd4 Qg4 19. Be2 Qh3 20. Bf1 Qg4 21. Bg2 Bf5 22.
Nxf5 gxf5 23. h3 Qg6 24. Nb5 f4 25. Qxg6 hxg6 26. g4 f3 27. Bf1 1-0

[Event "C14"]
[Site "?"]
[Date "2016.08.06"]
[Round "10.1"]
[White "Szpar, Milosz"]
[Black "Kozak, Antoni"]
[Result "1/2-1/2"]
[LiveChessVersion "1.4.8"]
[BlackElo "1772"]
[WhiteElo "2000"]

1. e4 {[%clk 0:03:03]} c6 {[%clk 0:03:01]} 2. d4 {[%clk 0:03:04]} d5
{[%clk 0:02:58]} 3. Nd2 {[%clk 0:03:05]} dxe4 {[%clk 0:02:57]} 4. Nxe4
{[%clk 0:03:05]} Bf5 {[%clk 0:02:56]} 5. Ng3 {[%clk 0:03:05]} Bg6
{[%clk 0:02:56]} 6. Nf3 {[%clk 0:03:05]} Nd7 {[%clk 0:02:56]} 7. h4
{[%clk 0:03:03]} h6 {[%clk 0:02:52]} 8. h5 {[%clk 0:02:55]} Bh7 {[%clk 0:02:51]}
9. Bd3 {[%clk 0:02:54]} Bxd3 {[%clk 0:02:47]} 10. Qxd3 {[%clk 0:02:54]} e6
{[%clk 0:02:47]} 11. Bf4 {[%clk 0:02:51]} Qa5+ {[%clk 0:02:34]} 12. Bd2
{[%clk 0:02:49]} Qc7 {[%clk 0:02:35]} 13. O-O-O {[%clk 0:02:46]} Ngf6
{[%clk 0:02:25]} 14. Ne4 {[%clk 0:02:43]} Nxe4 {[%clk 0:02:06]} 15. Qxe4
{[%clk 0:02:42]} Bd6 {[%clk 0:02:00]} 16. Kb1 {[%clk 0:02:29]} O-O-O
{[%clk 0:01:50]} 17. c4 {[%clk 0:02:03]} c5 {[%clk 0:01:51]} 18. Bc3
{[%clk 0:01:53]} cxd4 {[%clk 0:01:35]} 19. Qxd4 {[%clk 0:01:46]} Nf6
{[%clk 0:00:53]} 20. Qh4 {[%clk 0:01:14]} 1/2-1/2